The fifteen decisive battles of the United States /

Bibliographic Details
Main Author: Armstrong, O. K. (Orland Kay), 1893-1987
Format: Book
Language:English
Published: New York : Longmans, Green and Company, 1961.
Edition:[1st ed.].
Subjects:

MARC

Tag First Indicator Second Indicator Subfields
LEADER 00000cam a2200000I 4500
001 in00002372849
005 20151109043950.0
008 750424s1961 nyua b 000 0 eng c
010 |a  61009745  
035 |a (OCoLC)ocm01297179 
040 |a DZM  |c DZM  |d TXA  |d UtOrBLW 
043 |a n-us--- 
049 |a TXAM 
050 0 0 |a E181  |b .A74 1961 
082 0 |a 973 
100 1 |a Armstrong, O. K.  |q (Orland Kay),  |d 1893-1987. 
245 1 4 |a The fifteen decisive battles of the United States /  |c by O.K. Armstrong ; maps by James Macdonald. 
250 |a [1st ed.]. 
264 1 |a New York :  |b Longmans, Green and Company,  |c 1961. 
300 |a 370 pages :  |b illustrations ;  |c 21 cm. 
336 |a text  |b txt  |2 rdacontent 
337 |a unmediated  |b n  |2 rdamedia 
338 |a volume  |b nc  |2 rdacarrier 
504 |a Includes bibliographical references and index. 
650 0 |a Battles  |z United States. 
651 0 |a United States  |x History, Military. 
948 |a cataloged  |b h  |c 2008/4/28  |d c  |e dmitchel  |f 9:08:14 am 
994 |a C0  |b TXA 
999 |a MARS 
999 f f |s 4c68ae51-8e95-3f89-a999-7383d28b8bb3  |i eda0657d-6f6c-365d-8648-0959f0530042  |t 0 
952 f f |p noncirc  |a Texas A&M University  |b College Station  |c Cushing Memorial Library & Archives  |d Cushing: Ragan Military (Does not check out)  |t 0  |e E181 .A74 1961  |h Library of Congress classification  |i unmediated -- volume 
998 f f |a E181 .A74 1961  |t 0  |l Cushing: Ragan Military (Does not check out)